000 00856nam a22002297a 4500
003 UA-OsUOA
001 82623
007 ta
008 20120315b un ||||| |||| 00| 0 ukr d
100 _aПилипів Н.
700 _aМаксимів Ю.
090 _a657
_bП32
942 _cSA
040 _aUA-OsUOA
_bukr
_cUA-OsUOA
_dUA-OsUOA
245 _aОблік виробничих відходів як передумова їх ефективного використання (на прикладі комплексних деревообробних виробництв)
300 _aС.29-41
955 _a0
041 _aukr
080 _a657
773 0 _w82618
_tБухгалтерський облік і аудит
_dК.
_d2012
_g2
650 7 _a657 Бухгалтерія. Бухгалтерський облік. Рахівництво
_2UDC
999 _c368936
_d368936